Pays qui consomment le plus de vodka - Statistiques

Statistiques générales
  • Ce quiz a été pris 138 fois
  • Le résultat moyen est 15 sur 20
Statistiques - réponses
Classement Consommation (Shots/habitants/mois) Réponse % Correct
1er 17,3 Russie
100%
20ème 1,9 France
97%
3ème 13,9 Pologne
91%
10ème 4,1 Etats-Unis
89%
4ème 11,5 Ukraine
87%
18ème 2,2 Allemagne
83%
6ème 9,8 Biélorussie
78%
14ème 2,9 Royaume-Uni
75%
15ème 2,8 Canada
74%
8ème 5,1 Estonie
74%
2ème 15,8 Lettonie
73%
17ème 2,5 Roumanie
73%
11ème 3,2 Finlande
71%
5ème 10,2 Lituanie
70%
16ème 2,7 Hongrie
64%
7ème 5,4 Bulgarie
61%
9ème 4,3 Slovaquie
61%
13ème 3,0 République tchèque
59%
12ème 3,1 Irlande
54%
19ème 2,1 Kazakhstan
37%
Aucun quiz correspondant
Distribution des résultats
% des personnes avec chaque résultat
Percentile par nombre de réponses
Votre historique - résultats
Vous n’avez pas pris ce quiz